Municipios de Ciudad Real - Estadísticas

Estadísticas generales
  • Esta prueba ha sido intentada 23 veces
  • La puntuación promedio es 69 de 102
Estadísticas de respuestas
Municipio % Correcto
Alcázar de San Juan
100%
Daimiel
100%
Puertollano
100%
Bolaños de Calatrava
92%
Ciudad Real
92%
La Solana
92%
Manzanares
92%
Miguelturra
92%
Puerto Lápice
92%
Tomelloso
92%
Villarrubia de los Ojos
92%
Almagro
85%
Argamasilla de Alba
85%
Argamasilla de Calatrava
85%
Brazatortas
85%
Campo de Criptana
85%
Granátula de Calatrava
85%
Herencia
85%
Agudo
77%
Aldea del Rey
77%
Almadén
77%
Arroba de los Montes
77%
Ballesteros de Calatrava
77%
Fuente el Fresno
77%
Montiel
77%
Piedrabuena
77%
Ruidera
77%
Santa Cruz de Mudela
77%
Valdepeñas
77%
Villanueva de los Infantes
77%
Abenójar
69%
Albaladejo
69%
Alcolea de Calatrava
69%
Alhambra
69%
Almadenejos
69%
Almodóvar del Campo
69%
Arenas de San Juan
69%
Calzada de Calatrava
69%
Carrión de Calatrava
69%
Castellar de Santiago
69%
Chillón
69%
Cózar
69%
Fernán Caballero
69%
Horcajo de los Montes
69%
Las Labores
69%
Pedro Muñoz
69%
Picón
69%
Poblete
69%
Pozuelo de Calatrava
69%
San Carlos del Valle
69%
Socuéllamos
69%
Solana del Pino
69%
Villanueva de la Fuente
69%
Viso del Marqués
69%
Alcubillas
62%
Almedina
62%
Anchuras
62%
Cabezarados
62%
Corral de Calatrava
62%
El Robledo
62%
Fuencaliente
62%
Guadalmez
62%
Hinojosas de Calatrava
62%
Los Cortijos
62%
Luciana
62%
Malagón
62%
Mestanza
62%
Moral de Calatrava
62%
Porzuna
62%
Puebla de Don Rodrigo
62%
Retuerta del Bullaque
62%
Terrinches
62%
Torralba de Calatrava
62%
Torrenueva
62%
Valenzuela de Calatrava
62%
Villahermosa
62%
Villar del Pozo
62%
Alamillo
54%
Almuradiel
54%
Arenales de San Gregorio
54%
Cabezarrubias del Puerto
54%
Caracuel de Calatrava
54%
Fontanarejo
54%
Fuenllana
54%
Llanos del Caudillo
54%
Membrilla
54%
Navas de Estena
54%
Puebla del Príncipe
54%
Saceruela
54%
San Lorenzo de Calatrava
54%
Torre de Juan Abad
54%
Villamanrique
54%
Villamayor de Calatrava
54%
Villanueva de San Carlos
54%
Villarta de San Juan
54%
Alcoba de los Montes
46%
Santa Cruz de los Cáñamos
46%
Valdemanco del Esteras
46%
Cañada de Calatrava
38%
Carrizosa
38%
Los Pozuelos de Calatrava
38%
Navalpino
31%
No se encontraron pruebas coincidentes
Distribución de puntuación
Porcentaje de gente con cada puntuación
Porcentaje por número respondido
Historial de tus puntuaciones
No has intentado esta prueba.